| 000 -LEADER |
| fixed length control field |
01898cam a2200385 i 4500 |
| 001 - CONTROL NUMBER |
| control field |
17863224 |
| 003 - CONTROL NUMBER IDENTIFIER |
| control field |
NUST |
| 005 - DATE AND TIME OF LATEST TRANSACTION |
| control field |
20230102125113.0 |
| 008 - FIXED-LENGTH DATA ELEMENTS--GENERAL INFORMATION |
| fixed length control field |
130823t20132013enk b 001 0 eng d |
| 010 ## - LIBRARY OF CONGRESS CONTROL NUMBER |
| LC control number |
2012277640 |
| 020 ## - INTERNATIONAL STANDARD BOOK NUMBER |
| International Standard Book Number |
1137268700 |
| 020 ## - INTERNATIONAL STANDARD BOOK NUMBER |
| International Standard Book Number |
9781137268709 |
| 035 ## - SYSTEM CONTROL NUMBER |
| System control number |
(OCoLC)ocn825047327 |
| 040 ## - CATALOGING SOURCE |
| Original cataloging agency |
YDXCP |
| Language of cataloging |
eng |
| Transcribing agency |
YDXCP |
| Description conventions |
rda |
| Modifying agency |
BTCTA |
| -- |
BWX |
| -- |
VGM |
| -- |
IAC |
| -- |
IXA |
| -- |
CGU |
| -- |
OCLCO |
| -- |
MUU |
| -- |
DLC |
| 042 ## - AUTHENTICATION CODE |
| Authentication code |
lccopycat |
| 050 00 - LIBRARY OF CONGRESS CALL NUMBER |
| Classification number |
JF1081 |
| Item number |
.H68 2013 |
| 082 04 - DEWEY DECIMAL CLASSIFICATION NUMBER |
| Classification number |
364.1323,HOU |
| Edition number |
23 |
| 100 1# - MAIN ENTRY--PERSONAL NAME |
| Personal name |
Hough, Dan, |
| Relator term |
author. |
| 9 (RLIN) |
106608 |
| 245 10 - TITLE STATEMENT |
| Title |
Corruption, anti-corruption and governance / |
| Statement of responsibility, etc. |
Dan Hough, Professor of Politics, University of Sussex, UK. |
| 264 #1 - PRODUCTION, PUBLICATION, DISTRIBUTION, MANUFACTURE, AND COPYRIGHT NOTICE |
| Place of production, publication, distribution, manufacture |
Houndmills, Basingstoke, Hampshire : |
| Name of producer, publisher, distributor, manufacturer |
Palgrave Macmillan, |
| Date of production, publication, distribution, manufacture, or copyright notice |
2013. |
| 264 #4 - PRODUCTION, PUBLICATION, DISTRIBUTION, MANUFACTURE, AND COPYRIGHT NOTICE |
| Date of production, publication, distribution, manufacture, or copyright notice |
©2013 |
| 300 ## - PHYSICAL DESCRIPTION |
| Extent |
xi, 165 pages ; |
| Dimensions |
23 cm. |
| 336 ## - CONTENT TYPE |
| Content type term |
text |
| Content type code |
txt |
| Source |
rdacontent |
| 337 ## - MEDIA TYPE |
| Media type term |
unmediated |
| Media type code |
n |
| Source |
rdamedia |
| 338 ## - CARRIER TYPE |
| Carrier type term |
volume |
| Carrier type code |
nc |
| Source |
rdacarrier |
| 490 1# - SERIES STATEMENT |
| Series statement |
Political corruption and governance series |
| 505 0# - FORMATTED CONTENTS NOTE |
| Formatted contents note |
The Rise and Rise of the Global Anti-corruption Movement (Page-12), Governance Regimes and the Fight Against Corruption (Page-31), Bangladesh and Kenya; Tough Talk, Small Steps, Ineffectual Outcomes (Page-48), South Korea and Poland; Tough Talk, Small Steps, Contested Outcomes (Page-71), Germany and the UK; The Slow and Winding Road to Reform (Page-93), Conclusion (Page-114). |
| 650 #0 - SUBJECT ADDED ENTRY--TOPICAL TERM |
| Topical term or geographic name entry element |
Political corruption. |
| 9 (RLIN) |
27085 |
| 650 #0 - SUBJECT ADDED ENTRY--TOPICAL TERM |
| Topical term or geographic name entry element |
Political corruption |
| General subdivision |
Prevention. |
| 9 (RLIN) |
106609 |
| 830 #0 - SERIES ADDED ENTRY--UNIFORM TITLE |
| Uniform title |
Political corruption and governance series. |
| 9 (RLIN) |
106610 |
| 856 42 - ELECTRONIC LOCATION AND ACCESS |
| Materials specified |
Contributor biographical information |
| Uniform Resource Identifier |
<a href="http://www.loc.gov/catdir/enhancements/fy1402/2012277640-b.html">http://www.loc.gov/catdir/enhancements/fy1402/2012277640-b.html</a> |
| 856 42 - ELECTRONIC LOCATION AND ACCESS |
| Materials specified |
Publisher description |
| Uniform Resource Identifier |
<a href="http://www.loc.gov/catdir/enhancements/fy1402/2012277640-d.html">http://www.loc.gov/catdir/enhancements/fy1402/2012277640-d.html</a> |
| 856 41 - ELECTRONIC LOCATION AND ACCESS |
| Materials specified |
Table of contents only |
| Uniform Resource Identifier |
<a href="http://www.loc.gov/catdir/enhancements/fy1402/2012277640-t.html">http://www.loc.gov/catdir/enhancements/fy1402/2012277640-t.html</a> |
| 942 ## - ADDED ENTRY ELEMENTS (KOHA) |
| Source of classification or shelving scheme |
|
| Koha item type |
Book |
| Call number prefix |
364.1323,HOU |